Home health care and national health policy / (Record no. 4693)

MARC details
000 -LEADER
fixed length control field 00902cam a2200277 i 4500
001 - CONTROL NUMBER
control field 409568
003 - CONTROL NUMBER IDENTIFIER
control field OSt
005 - DATE AND TIME OF LATEST TRANSACTION
control field 20160711145551.0
008 - FIXED-LENGTH DATA ELEMENTS--GENERAL INFORMATION
fixed length control field 800506s1980 nyu b 000 0 eng
010 ## - LIBRARY OF CONGRESS CONTROL NUMBER
LC control number 80015988
020 ## - INTERNATIONAL STANDARD BOOK NUMBER
International Standard Book Number 0917724216 (pbk.)
020 ## - INTERNATIONAL STANDARD BOOK NUMBER
International Standard Book Number 0917724208
040 ## - CATALOGING SOURCE
Original cataloging agency DLC
Transcribing agency DLC
Modifying agency DLC
043 ## - GEOGRAPHIC AREA CODE
Geographic area code n-us---
082 ## - DEWEY DECIMAL CLASSIFICATION NUMBER
Classification number WA 100
Item number TRA 1980
100 1# - MAIN ENTRY--PERSONAL NAME
Personal name Trager, Brahna.
9 (RLIN) 10095
245 10 - TITLE STATEMENT
Title Home health care and national health policy /
Statement of responsibility, etc. by Brahna Trager.
260 ## - PUBLICATION, DISTRIBUTION, ETC. (IMPRINT)
Place of publication, distribution, etc. New York, N.Y. :
Name of publisher, distributor, etc. Haworth Press,
Date of publication, distribution, etc. 1980.
300 ## - PHYSICAL DESCRIPTION
Extent 103 p. ;
Dimensions 24 cm.
500 ## - GENERAL NOTE
General note Published also as Home health care services quarterly, v. 1, no. 2, spring 1980.
504 ## - BIBLIOGRAPHY, ETC. NOTE
Bibliography, etc Includes bibliographical references.
650 #0 - SUBJECT ADDED ENTRY--TOPICAL TERM
Topical term or geographic name as entry element Home care services
Geographic subdivision United States.
9 (RLIN) 10096
650 #0 - SUBJECT ADDED ENTRY--TOPICAL TERM
Topical term or geographic name as entry element Medical policy
Geographic subdivision United States.
9 (RLIN) 10097
906 ## - LOCAL DATA ELEMENT F, LDF (RLIN)
a 7
b cbc
c orignew
d 1
e ocip
f 19
g y-gencatlg
942 ## - ADDED ENTRY ELEMENTS (KOHA)
Source of classification or shelving scheme Other/Generic Classification Scheme
Koha item type Open Shelf
Holdings
Withdrawn status Lost status Source of classification or shelving scheme Damaged status Not for loan Home library Current library Date acquired Source of acquisition Inventory number Total Checkouts Full call number Barcode Date last seen Price effective from Koha item type
    Other/Generic Classification Scheme     MUST Main Library MUST Main Library 11/07/2016   2002/17088   WA 100 TRA 1980 2016-3096 11/07/2016 11/07/2016 Open Shelf